| 000 | 00615nam a2200193 a 4500 | ||
|---|---|---|---|
| 001 | 000020247 | ||
| 005 | 20200929170330.0 | ||
| 008 | 100730s1980 dr c 000 0 spa d | ||
| 040 |
_aDO-SdBNP _bspa _cBNPHU |
||
| 082 |
_a181.45 _bS254y |
||
| 100 | 1 |
_aSatyananda Saraswati, Swami, _d1923- _942861 |
|
| 245 | 1 | 3 |
_aEl yoga alrededor del mundo / _cSatyananda Paramhansa. |
| 250 | _a1ª ed. en español | ||
| 260 |
_aSanto Domingo : _eBogotá _bPolitecnia, _c1980. |
||
| 300 |
_a253 p. : _bil., retrs. ; _c22 cm. |
||
| 590 | _aInventariado, 2018/MFF | ||
| 650 | 4 |
_aYoga _9685 |
|
| 910 | _aValidado. Control de calidad EMS. | ||
| 999 |
_c19752 _d19752 |
||